<?xml version="1.0" encoding="UTF-8"?><?xml-stylesheet type="text/xsl" href="static/style.xsl"?><OAI-PMH xmlns="http://www.openarchives.org/OAI/2.0/" xmlns:xsi="http://www.w3.org/2001/XMLSchema-instance" xsi:schemaLocation="http://www.openarchives.org/OAI/2.0/ http://www.openarchives.org/OAI/2.0/OAI-PMH.xsd"><responseDate>2026-06-29T02:38:15Z</responseDate><request verb="GetRecord" identifier="oai:docta.ucm.es:20.500.14352/92331" metadataPrefix="marc">https://docta.ucm.es/rest/oai/request</request><GetRecord><record><header><identifier>oai:docta.ucm.es:20.500.14352/92331</identifier><datestamp>2025-08-28T15:47:05Z</datestamp><setSpec>com_20.500.14352_14</setSpec><setSpec>col_20.500.14352_15</setSpec></header><metadata><record xmlns="http://www.loc.gov/MARC21/slim" xmlns:dcterms="http://purl.org/dc/terms/" xmlns:xsi="http://www.w3.org/2001/XMLSchema-instance" xmlns:doc="http://www.lyncode.com/xoai" xsi:schemaLocation="http://www.loc.gov/MARC21/slim http://www.loc.gov/standards/marcxml/schema/MARC21slim.xsd">
   <leader>00925njm 22002777a 4500</leader>
   <datafield ind2=" " ind1=" " tag="042">
      <subfield code="a">dc</subfield>
   </datafield>
   <datafield ind2=" " ind1=" " tag="720">
      <subfield code="a">Stancampiano, Lavinia</subfield>
      <subfield code="e">author</subfield>
   </datafield>
   <datafield ind2=" " ind1=" " tag="720">
      <subfield code="a">Rubio Jara, Susana</subfield>
      <subfield code="e">author</subfield>
   </datafield>
   <datafield ind2=" " ind1=" " tag="720">
      <subfield code="a">Panera Gallego, Joaquín</subfield>
      <subfield code="e">author</subfield>
   </datafield>
   <datafield ind2=" " ind1=" " tag="720">
      <subfield code="a">Uribelarrea Del Val, David</subfield>
      <subfield code="e">author</subfield>
   </datafield>
   <datafield ind2=" " ind1=" " tag="720">
      <subfield code="a">Pérez González, Alfredo José</subfield>
      <subfield code="e">author</subfield>
   </datafield>
   <datafield ind2=" " ind1=" " tag="720">
      <subfield code="a">Magill, Clayton </subfield>
      <subfield code="e">author</subfield>
   </datafield>
   <datafield ind2=" " ind1=" " tag="260">
      <subfield code="c">2023</subfield>
   </datafield>
   <datafield ind2=" " ind1=" " tag="520">
      <subfield code="a">Among the outstanding questions about the emergence of human-controlled fire is the systematic recurrence between the geochemical remains of fire and its preservation in the archaeological record, as the use of fire is considered a technological landmark, especially for its importance in food cooking, defensive strategies, and heating. Here we report fossil lipid biomarkers associated with incomplete combustion of organic matter at the Valdocarros II site, one of the largest European Acheulean sites in Spain dated to marine isotopic stage (MIS) 8/7 (~ 245 kya) allowing a multiproxy analysis of humancontrolled fire use. Our results reveal isolated cases of highly concentrated and diverse polycyclic aromatic hydrocarbons (PAHs) and alkylated PAHs (APAHs), along with diagnostic conifer-derived triterpenoids in two hearth-like archaeological structures. The presence of combustion byproducts suggests the presence of anthropogenic (controlled) fires at Valdocarros—one of the oldest evidence of fire use in Europe-in association with Acheulean tools and bones. Hominins possibly used fire for two main activities, as a means of defense against predators and cooking. Our results help to better delineate major gaps in our current knowledge of human-controlled fire in the context of the Middle- Pleistocene in Europe and suggest that human ancestors were able to control fire before at least 250 kya.</subfield>
   </datafield>
   <datafield ind1="8" ind2=" " tag="024">
      <subfield code="a">Stancampiano, Lavinia M., Susana Rubio-Jara, Joaquín Panera, David Uribelarrea, Alfredo Pérez-González, y Clayton R. Magill. «Organic Geochemical Evidence of Human-Controlled Fires at Acheulean Site of Valdocarros II (Spain, 245 Kya)». Scientific Reports 13, n.o 1 (18 de mayo de 2023): 7119. https://doi.org/10.1038/s41598-023-32673-7.</subfield>
   </datafield>
   <datafield ind1="8" ind2=" " tag="024">
      <subfield code="a">2045-2322</subfield>
   </datafield>
   <datafield ind1="8" ind2=" " tag="024">
      <subfield code="a">10.1038/s41598-023-32673-7</subfield>
   </datafield>
   <datafield ind1="8" ind2=" " tag="024">
      <subfield code="a">https://hdl.handle.net/20.500.14352/92331</subfield>
   </datafield>
   <datafield ind1="8" ind2=" " tag="024">
      <subfield code="a">https://doi.org/10.1038/s41598-023-32673-7</subfield>
   </datafield>
   <datafield ind2="0" ind1="0" tag="245">
      <subfield code="a">Organic geochemical evidence of human‑controlled fires at Acheulean site of Valdocarros II (Spain, 245 kya)</subfield>
   </datafield>
</record></metadata></record></GetRecord></OAI-PMH>